| 000 | 00846nam a2200265 a 4500 | ||
|---|---|---|---|
| 001 | 000025097 | ||
| 003 | 000025097 | ||
| 005 | 20220712105201.0 | ||
| 008 | 110210s1996 dr a 000 0 spa d | ||
| 040 |
_aBPMSU _bspa _cBPMSU |
||
| 082 | 0 | 4 |
_a863.3 _bC419d 1996 _222 |
| 100 | 1 |
_aCervantes, Miguel de _d1547-1616. |
|
| 240 | _a | ||
| 245 | 1 | 0 |
_aDon Quijote de la Mancha / _cMiguel de Cervantes ; presentación Avelino Stanley |
| 260 |
_aSanto Domingo : _bSusaeta, _c1996. |
||
| 300 |
_a256 p. : _bil. ; _c22 cm. |
||
| 490 | 0 | _aBiblioteca Susaeta | |
| 600 | 1 | 4 |
_aCervantes Saavedra, Miguel de 1547-1616 _d1547-1616 _t Don Quijote de la Mancha |
| 650 | 4 | _aNovela espñola | |
| 650 | 4 | _aLiteratura espñola | |
| 650 | 4 | _a | |
| 700 | 1 |
_aStanley, Avelino _epresentación |
|
| 910 | _aVMateo V. /Validado. Control de calidad MFF | ||
| 942 |
_2ddc _cBK |
||
| 999 |
_c7181 _d7181 |
||